[Event "Cologne Longerich op-B 13th"]
[Site "Cologne"]
[Date "2016.08.13"]
[Round "2"]
[White "Wilde, Christian"]
[Black "Gail, Edgar"]
[Result "0-1"]
[WhiteElo "1220"]
[BlackElo "1442"]
[PlyCount "90"]
[EventDate "2016.08.12"]
[EventType "swiss"]
[EventRounds "5"]
[EventCountry "GER"]
[SourceTitle "EXT 2022"]
[Source "ChessBase"]
[SourceDate "2021.10.06"]
[SourceVersion "1"]
[SourceVersionDate "2021.10.06"]
[SourceQuality "1"]

1. d4 d5 2. c4 e6 3. cxd5 exd5 4. g3 c5 5. dxc5 Bxc5 6. Nf3 Nc6 7. e3 Nf6 8. Bg2 0-0 9. 0-0 Bf5 10. Nd4 Bg6 11. Nxc6 bxc6 12. a3 Ne4 13. b4 Bb6 14. Bb2 Re8 15. Nd2 Qg5 16. Nxe4 Bxe4 17. Bd4 Re6 18. Bxb6 axb6 19. Qd4 Rh6 20. Bxe4 dxe4 21. Qxe4 Qh5 22. Qg2 Re8 23. Rad1 Qe5 24. Rd3 Rhe6 25. Rfd1 h6 26. Rd8 Rxd8 27. Rxd8+ Kh7 28. Rd3 Qf5 29. Rc3 Rf6 30. Rb3 Qc2 31. h4 Qxb3 32. Qe4+ g6 33. Qd4 Qb1+ 34. Kg2 Qf5 35. f4 Qd5+ 36. Qxd5 cxd5 37. a4 Rc6 38. a5 bxa5 39. bxa5 Ra6 40. g4 Rxa5 41. Kf3 Ra3 42. f5 gxf5 43. gxf5 Kg7 44. h5 Kf6 45. Kf4 Ra4+ 0-1

[Event "Cologne Longerich op 09th"]
[Site "Cologne"]
[Date "2012.08.05"]
[Round "3"]
[White "Wilde, Christian"]
[Black "Kolbasnikov, Igor"]
[Result "0-1"]
[WhiteElo "1155"]
[BlackElo "1414"]
[PlyCount "64"]
[EventDate "2012.08.03"]
[EventType "tourn"]
[EventRounds "5"]
[EventCountry "GER"]
[SourceTitle "EXT 2017"]
[Source "ChessBase"]
[SourceDate "2016.10.25"]
[SourceVersion "1"]
[SourceVersionDate "2016.10.25"]
[SourceQuality "1"]

1. c4 Nf6 2. Nc3 g6 3. g3 Bg7 4. Bg2 c6 5. e3 d5 6. cxd5 cxd5 7. d4 0-0 8. h3 b6 9. Nge2 Ba6 10. 0-0 Re8 11. b4 Bc4 12. b5 a6 13. Qa4 Nbd7 14. bxa6 Rxa6 15. Qc2 b5 16. Re1 b4 17. Na4 Qa5 18. Bb2 Qxa4 19. Qd2 Qb5 20. a4 Rxa4 21. Rxa4 Qxa4 22. Nf4 Ne4 23. Bxe4 dxe4 24. d5 Bxb2 25. Qxb2 b3 26. h4 Ra8 27. h5 Qa2 28. Qc3 b2 29. Qb4 Qa1 30. hxg6 Qxe1+ 31. Qxe1 Ra1 32. gxh7+ Kxh7 0-1

[Event "Leverkusen Bayer op 10th"]
[Site "Leverkusen"]
[Date "2012.03.28"]
[Round "7"]
[White "Wilde, Christian"]
[Black "Rodewald, Horst"]
[Result "1-0"]
[WhiteElo "1134"]
[BlackElo "1309"]
[PlyCount "105"]
[EventDate "2012.01.11"]
[EventType "swiss"]
[EventRounds "7"]
[EventCountry "GER"]
[SourceTitle "EXT 2014"]
[Source "ChessBase"]
[SourceDate "2013.11.20"]
[SourceVersion "1"]
[SourceVersionDate "2013.11.20"]
[SourceQuality "1"]

1. c4 c6 2. Nc3 e6 3. g3 Nf6 4. e4 h6 5. Nge2 e5 6. d4 d6 7. d5 Bg4 8. h3 Bf3 9. Rh2 Qd7 10. Bg2 Bxg2 11. Rxg2 Qxh3 12. Rg1 Be7 13. Kd2 Qg4 14. Kc2 Nxe4 15. dxc6 Nxc6 16. Nxe4 Qxe4+ 17. Kc3 0-0 18. a3 Na5 19. Qd3 Qxc4+ 20. Qxc4 Nxc4 21. Kxc4 Rac8+ 22. Kb3 Rc6 23. Nc3 f5 24. f4 Bd8 25. Be3 e4 26. Nd5 Bb6 27. Bxb6 axb6 28. Ne7+ Kh7 29. Nxc6 bxc6 30. Kc3 d5 31. Kd4 Rd8 32. b4 Ra8 33. g4 Kg6 34. gxf5+ Kh7 35. Rg6 Rf8 36. Rag1 Rf7 37. Rxc6 Rxf5 38. Rxb6 Rxf4 39. Kxd5 e3 40. Re6 Rf3 41. Re1 e2 42. a4 Rd3+ 43. Kc4 Ra3 44. a5 Ra2 45. R1xe2 Ra1 46. a6 Rc1+ 47. Kb5 Rd1 48. a7 Rd5+ 49. Kb6 Rd8 50. Ra2 Rd4 51. b5 Rd8 52. a8Q Rxa8 53. Rxa8 1-0

[Event "Leverkusen Bayer op 10th"]
[Site "Leverkusen"]
[Date "2012.02.08"]
[Round "3"]
[White "Wilde, Christian"]
[Black "Westphal, Gerhard"]
[Result "1/2-1/2"]
[WhiteElo "1134"]
[BlackElo "1407"]
[PlyCount "102"]
[EventDate "2012.01.11"]
[EventType "swiss"]
[EventRounds "7"]
[EventCountry "GER"]
[SourceTitle "EXT 2014"]
[Source "ChessBase"]
[SourceDate "2013.11.20"]
[SourceVersion "1"]
[SourceVersionDate "2013.11.20"]
[SourceQuality "1"]

1. c4 c5 2. Nc3 Nc6 3. g3 g6 4. e3 Bg7 5. Bg2 d6 6. Nge2 Bf5 7. e4 Bd7 8. 0-0 Qc8 9. a3 Nh6 10. h3 Bxh3 11. Bxh3 Qxh3 12. Nf4 Qd7 13. Nce2 Be5 14. d3 Ng4 15. Rb1 Nf6 16. Kg2 g5 17. Nd5 h6 18. f4 gxf4 19. Bxf4 Nxd5 20. exd5 Nd4 21. Bxe5 dxe5 22. Nxd4 exd4 23. Qf3 Rf8 24. Qf4 0-0-0 25. Qxh6 Rh8 26. Qf4 Qh3+ 27. Kf3 Qh5+ 28. g4 Qh3+ 29. Ke2 Qh2+ 30. Rf2 Qxf4 31. Rxf4 Rh2+ 32. Rf2 Rdh8 33. b4 cxb4 34. axb4 Rxf2+ 35. Kxf2 Rh2+ 36. Kf3 Rh4 37. Re1 Kd7 38. Re4 Rh3+ 39. Ke2 Rh2+ 40. Kd1 Rh4 41. Rf4 f5 42. Rxf5 Rxg4 43. Kd2 Rg2+ 44. Kc1 Rg4 45. c5 Rg1+ 46. Kc2 Rg2+ 47. Kc1 Rg4 48. Rf7 Ke8 49. Rh7 Rg1+ 50. Kb2 Rg2+ 51. Kc1 Re2 1/2-1/2

[Event "Cologne Longerich op 8th"]
[Site "Cologne"]
[Date "2011.08.13"]
[Round "2"]
[White "Schroeter, Heinz Juergen"]
[Black "Wilde, Christian"]
[Result "1-0"]
[WhiteElo "1156"]
[BlackElo "1007"]
[PlyCount "57"]
[EventDate "2011.08.12"]
[EventType "swiss"]
[EventRounds "5"]
[EventCountry "GER"]
[SourceTitle "CBM 144 Extra"]
[Source "ChessBase"]
[SourceDate "2011.10.28"]
[SourceVersion "1"]
[SourceVersionDate "2011.10.28"]
[SourceQuality "1"]

1. e4 d6 2. d4 Nd7 3. Nf3 e5 4. dxe5 dxe5 5. Bc4 Be7 6. h4 Nb6 7. Qxd8+ Bxd8 8. Nxe5 Nxc4 9. Nxc4 b5 10. Ne5 Bb7 11. f3 Bf6 12. Bf4 Ne7 13. Nc3 a6 14. 0-0-0 0-0 15. Nd7 Rfc8 16. Nxf6+ gxf6 17. Rd7 b4 18. Nd5 Nxd5 19. exd5 Bxd5 20. Rxd5 c6 21. Rd6 h5 22. Rxf6 Kg7 23. Rh6 c5 24. Rxh5 c4 25. Rg5+ Kf6 26. Be5+ Ke7 27. Re1 f6 28. Rg7+ Ke6 29. Bc3+ 1-0

[Event "Cologne Ford op 17th"]
[Site "Cologne"]
[Date "2011.05.09"]
[Round "4"]
[White "Wilde, Christian"]
[Black "Hoferichter, Michael"]
[Result "1/2-1/2"]
[WhiteElo "983"]
[BlackElo "1305"]
[PlyCount "35"]
[EventDate "2011.04.12"]
[EventType "swiss"]
[EventRounds "7"]
[EventCountry "GER"]
[SourceTitle "EXT 2012"]
[Source "ChessBase"]
[SourceDate "2011.11.24"]
[SourceVersion "1"]
[SourceVersionDate "2011.11.24"]
[SourceQuality "1"]

1. d4 Nf6 2. c4 e6 3. Nc3 Bb4 4. Qc2 0-0 5. e4 Bxc3+ 6. bxc3 d6 7. Nf3 Re8 8. Bd3 e5 9. h3 h6 10. 0-0 Nbd7 11. Nh4 Nf8 12. f4 Nxe4 13. Bxe4 Qxh4 14. Qf2 Qxf2+ 15. Rxf2 f5 16. Bd5+ Ne6 17. fxe5 dxe5 18. dxe5 1/2-1/2

[Event "Cologne Ford op 17th"]
[Site "Cologne"]
[Date "2011.05.02"]
[Round "3"]
[White "Kuehlwein, Ralf"]
[Black "Wilde, Christian"]
[Result "1-0"]
[WhiteElo "1429"]
[BlackElo "983"]
[PlyCount "89"]
[EventDate "2011.04.12"]
[EventType "swiss"]
[EventRounds "7"]
[EventCountry "GER"]
[SourceTitle "EXT 2012"]
[Source "ChessBase"]
[SourceDate "2011.11.24"]
[SourceVersion "1"]
[SourceVersionDate "2011.11.24"]
[SourceQuality "1"]

1. d4 Nf6 2. c4 c6 3. Nc3 d5 4. e3 e6 5. Nf3 Nbd7 6. cxd5 exd5 7. Bd3 Bb4 8. 0-0 0-0 9. Qc2 Bxc3 10. bxc3 Ne4 11. Bxe4 dxe4 12. Qxe4 Nf6 13. Qd3 c5 14. e4 Bg4 15. e5 Bxf3 16. exf6 Be2 17. Qxe2 Qxf6 18. Qd3 cxd4 19. cxd4 Rfe8 20. Be3 Qg6 21. Qxg6 fxg6 22. Rac1 b5 23. Rc7 Rec8 24. Rfc1 Rxc7 25. Rxc7 a5 26. Bg5 h6 27. Be7 b4 28. d5 b3 29. axb3 a4 30. bxa4 Rxa4 31. g3 Kf7 32. d6 Rd4 33. h4 h5 34. Rc3 Rd1+ 35. Kg2 Rd5 36. Rf3+ Rf5 37. Rxf5+ gxf5 38. Kf3 Ke6 39. Kf4 g6 40. Kg5 Kf7 41. Bf6 Ke6 42. Kxg6 f4 43. gxf4 Kxd6 44. Kxh5 Ke6 45. Kg6 1-0

[Event "Cologne Ford op"]
[Site "Cologne"]
[Date "2010.05.17"]
[Round "5"]
[White "Rey, Thorsten"]
[Black "Wilde, Christian"]
[Result "1-0"]
[WhiteElo "1125"]
[BlackElo "997"]
[PlyCount "73"]
[EventDate "2010.04.19"]
[EventType "swiss"]
[EventRounds "7"]
[EventCountry "GER"]
[SourceTitle "EXT 2011"]
[Source "ChessBase"]
[SourceDate "2010.11.26"]
[SourceVersion "1"]
[SourceVersionDate "2010.11.26"]
[SourceQuality "1"]

1. e4 e6 2. d4 d5 3. Nc3 Nf6 4. Bg5 Be7 5. e5 Nfd7 6. Bxe7 Qxe7 7. Qh5 0-0 8. Nf3 h6 9. Bd3 f5 10. exf6 Nxf6 11. Qh4 Qf7 12. Ne5 Qh5 13. Qxh5 Nxh5 14. Ng6 Rf7 15. 0-0-0 a6 16. a4 Nc6 17. Ne2 Nb4 18. g4 Nxd3+ 19. Rxd3 Nf6 20. Ne5 Ne4 21. Nxf7 Nxf2 22. Rf3 Nxh1 23. Ne5 b5 24. Rf1 Bb7 25. Rxh1 Rf8 26. a5 g5 27. b4 Kg7 28. Ng3 h5 29. Nxh5+ Kh6 30. h4 Bc8 31. hxg5+ Kxg5 32. Kd2 Bd7 33. Nxd7 Rf2+ 34. Kc1 Kxg4 35. Nc5 Re2 36. Nxa6 Re4 37. Nf6+ 1-0

[Event "Cologne Ford op"]
[Site "Cologne"]
[Date "2010.04.19"]
[Round "1"]
[White "Wilde, Christian"]
[Black "Witte, Volker"]
[Result "0-1"]
[WhiteElo "997"]
[BlackElo "1717"]
[PlyCount "74"]
[EventDate "2010.04.19"]
[EventType "swiss"]
[EventRounds "7"]
[EventCountry "GER"]
[SourceTitle "EXT 2011"]
[Source "ChessBase"]
[SourceDate "2010.11.26"]
[SourceVersion "1"]
[SourceVersionDate "2010.11.26"]
[SourceQuality "1"]

1. c4 g6 2. d4 Bg7 3. d5 Nf6 4. Nc3 0-0 5. e4 d6 6. Nf3 e5 7. Be2 Nh5 8. Ng5 Nf4 9. Bxf4 exf4 10. Nf3 Nd7 11. Rc1 Re8 12. 0-0 a5 13. a4 Nc5 14. Bd3 Bd7 15. b3 g5 16. Ne1 Bxc3 17. Rxc3 Qf6 18. e5 dxe5 19. Bxh7+ Kxh7 20. Rh3+ Bxh3 21. Qh5+ Kg7 22. Qxh3 Rh8 23. Qc3 e4 24. Qxf6+ Kxf6 25. f3 e3 26. Nc2 Nxb3 27. Rb1 Nc5 28. Kf1 Rxh2 29. Rd1 Rh1+ 30. Ke2 Rxd1 31. Kxd1 Nxa4 32. Na3 Rh8 33. Nb5 Nb2+ 34. Kc1 Nxc4 35. Nxc7 Rh1+ 36. Kc2 e2 37. Ne8+ Ke7 0-1

[Event "Cologne Longerich op 6th"]
[Site "Cologne"]
[Date "2009.08.23"]
[Round "4"]
[White "Wilde, Christian"]
[Black "Ziemer, Wolfgang"]
[Result "0-1"]
[WhiteElo "954"]
[BlackElo "1442"]
[PlyCount "56"]
[EventDate "2009.08.21"]
[EventType "swiss"]
[EventRounds "5"]
[EventCountry "GER"]
[SourceTitle "EXT 2012"]
[Source "ChessBase"]
[SourceDate "2011.11.24"]
[SourceVersion "1"]
[SourceVersionDate "2011.11.24"]
[SourceQuality "1"]

1. c4 c5 2. d3 Nf6 3. Nd2 b6 4. Ngf3 Bb7 5. e4 d6 6. Be2 e5 7. h3 Be7 8. Nh2 Nc6 9. Nb3 a6 10. a4 b5 11. axb5 axb5 12. Rxa8 Qxa8 13. Bg5 bxc4 14. Qa1 cxb3 15. Qxa8+ Bxa8 16. 0-0 h6 17. Ra1 0-0 18. Be3 Nd7 19. f4 exf4 20. Bxf4 Nd4 21. Bd1 g5 22. Be3 Bf6 23. Ra3 Nc2 24. Rxb3 Nxe3 25. Bg4 Ne5 26. Rb6 Nxd3 27. Rxd6 Bd4 28. Nf3 Nf5+ 0-1

[Event "Cologne Ford op"]
[Site "Cologne"]
[Date "2009.05.04"]
[Round "2"]
[White "Zimmermann, Ruth"]
[Black "Wilde, Christian"]
[Result "1-0"]
[WhiteElo "1464"]
[BlackElo "936"]
[PlyCount "75"]
[EventDate "2009.04.27"]
[EventType "swiss"]
[EventRounds "7"]
[EventCountry "GER"]
[SourceTitle "EXT 2011"]
[Source "ChessBase"]
[SourceDate "2010.11.26"]
[SourceVersion "1"]
[SourceVersionDate "2010.11.26"]
[SourceQuality "1"]

1. e4 e6 2. d4 d5 3. exd5 exd5 4. Nf3 Nf6 5. Bd3 Be7 6. Bf4 c5 7. c3 c4 8. Bc2 b5 9. 0-0 0-0 10. Ne5 Bd6 11. Re1 Nfd7 12. Nxf7 Qf6 13. Bxd6 Rxf7 14. Re8+ Nf8 15. Rxf8+ Rxf8 16. Bxf8 Qxf8 17. Qh5 g6 18. Qxd5+ Kg7 19. Qxa8 Qf4 20. Qf3 Qc1+ 21. Qd1 Qxb2 22. Nd2 Qxc3 23. Ne4 Qa3 24. h3 Nc6 25. d5 Nb4 26. Qd4+ Kh6 27. Qd2+ Kg7 28. Nc3 Bd7 29. Re1 Kf8 30. Qh6+ Kg8 31. Qd2 Nd3 32. Bxd3 cxd3 33. Re3 b4 34. Nb1 Qa6 35. Qxb4 Qxa2 36. Qb8+ Kf7 37. Qb7 Qxd5 38. Qxd5+ 1-0

[Event "Cologne Ford op"]
[Site "Cologne"]
[Date "2009.04.27"]
[Round "1"]
[White "Wilde, Christian"]
[Black "Lenk, Ulrich"]
[Result "0-1"]
[WhiteElo "936"]
[BlackElo "1667"]
[PlyCount "80"]
[EventDate "2009.04.27"]
[EventType "swiss"]
[EventRounds "7"]
[EventCountry "GER"]
[SourceTitle "EXT 2011"]
[Source "ChessBase"]
[SourceDate "2010.11.26"]
[SourceVersion "1"]
[SourceVersionDate "2010.11.26"]
[SourceQuality "1"]

1. c4 f5 2. Nf3 Nf6 3. Nc3 e6 4. d3 Bb4 5. Bd2 0-0 6. a3 Bxc3 7. Bxc3 d6 8. e4 fxe4 9. dxe4 Nxe4 10. Qc2 Nxc3 11. Qxc3 e5 12. Be2 Nc6 13. 0-0 Bg4 14. c5 d5 15. Nxe5 Bxe2 16. Nxc6 bxc6 17. Rfe1 Bh5 18. b4 Qh4 19. Qg3 Qxg3 20. fxg3 Rae8 21. Rec1 Re2 22. Rf1 Rxf1+ 23. Kxf1 Kf7 24. h3 Re5 25. g4 Bg6 26. Ra2 Bd3+ 27. Kf2 g5 28. Rd2 Bc4 29. g3 Re4 30. Kf3 Re1 31. h4 h6 32. hxg5 hxg5 33. Rh2 Kg6 34. Rh8 d4 35. Kf2 Rf1+ 36. Kg2 Re1 37. Kf2 Re2+ 38. Kf3 d3 39. Rd8 Bd5+ 40. Rxd5 cxd5 0-1

[Event "Bergisch Gladbach-ch"]
[Site "Bergisch Gladbach"]
[Date "2008.08.22"]
[Round "2"]
[White "Buchfelder, Gerhard"]
[Black "Wilde, Christian"]
[Result "1-0"]
[WhiteElo "1463"]
[BlackElo "923"]
[PlyCount "93"]
[EventDate "2008.08.15"]
[EventType "swiss"]
[EventRounds "7"]
[EventCountry "GER"]
[SourceTitle "EXT 2011"]
[Source "ChessBase"]
[SourceDate "2010.11.26"]
[SourceVersion "1"]
[SourceVersionDate "2010.11.26"]
[SourceQuality "1"]

1. e4 e6 2. Nf3 d5 3. exd5 exd5 4. d4 h6 5. Bd3 Nf6 6. 0-0 Be7 7. Re1 Be6 8. Bf4 c5 9. Bb5+ Nbd7 10. Ne5 0-0 11. Qd2 Ne4 12. Qd1 Nxe5 13. dxe5 f5 14. Bd3 Ng5 15. Nd2 c4 16. Be2 Qb6 17. Rb1 Ne4 18. Nxe4 fxe4 19. Be3 Qc7 20. Bd4 a5 21. Bg4 Ra6 22. c3 b5 23. a3 Bc5 24. Bxe6+ Rxe6 25. Qg4 Bxd4 26. Qxe6+ Qf7 27. Qxf7+ Rxf7 28. cxd4 Re7 29. Re3 Kf7 30. f3 exf3 31. Rxf3+ Ke6 32. Rf8 b4 33. axb4 axb4 34. Ra1 Rc7 35. g4 c3 36. bxc3 bxc3 37. Rc1 Rc4 38. Rf4 g5 39. Rf6+ Ke7 40. h3 Rxd4 41. Rxc3 Rd1+ 42. Kf2 Rd2+ 43. Ke3 Rd1 44. Rd3 Re1+ 45. Kd4 Re4+ 46. Kxd5 Rxe5+ 47. Kxe5 1-0

[Event "Bergisch Gladbach-ch"]
[Site "Bergisch Gladbach"]
[Date "2008.08.15"]
[Round "1"]
[White "Wilde, Christian"]
[Black "Schmitz, Philipp"]
[Result "0-1"]
[WhiteElo "923"]
[BlackElo "1648"]
[PlyCount "62"]
[EventDate "2008.08.15"]
[EventType "swiss"]
[EventRounds "7"]
[EventCountry "GER"]
[SourceTitle "EXT 2011"]
[Source "ChessBase"]
[SourceDate "2010.11.26"]
[SourceVersion "1"]
[SourceVersionDate "2010.11.26"]
[SourceQuality "1"]

1. d4 Nf6 2. c4 g6 3. Nc3 d5 4. c5 Bg7 5. Nf3 0-0 6. Bg5 b6 7. Bxf6 Bxf6 8. b4 a5 9. a3 axb4 10. axb4 Rxa1 11. Qxa1 Nc6 12. b5 Nxd4 13. Nxd4 Bxd4 14. c6 Qd6 15. e3 Qe5 16. Kd2 Bc5 17. Bd3 d4 18. exd4 Bxd4 19. f3 Qe3+ 20. Kc2 Qf2+ 21. Kb3 Be6+ 22. Bc4 Qxg2 23. Qf1 Qd2 24. Qe1 Bxc4+ 25. Kxc4 Bxc3 26. Qxd2 Bxd2 27. Rd1 Bf4 28. h3 Kg7 29. Rd7 Bd6 30. h4 Ra8 31. Kb3 Ra3+ 0-1